Name a Valid Asian City - Statistics

General Stats
  • This quiz has been taken 1,413 times
    1,410 since last reset
  • The average score is 11 of 15
Answer Stats
Hint Answer % Correct
Lies to the East of Shanghai Taipei, Tokyo, Seoul....
95%
Begins with any of the last 6 letters Wuhan, Urumqi, Vadodara....
92%
Is a Megacity Delhi, Nagoya, Shanghai...
91%
Is Located completely on Islands Surabaya, Manama, Osaka...
91%
Has a person with net worth over 15 Billion USD Hong Kong, Bangkok, Mumbai...
87%
Is in Arabian or Indo-China or Korean Peninsula Medina, Ho Chi Minh City, Daegu...
86%
Is in a ~Stan Country Karachi, Nur Sultan, Kabul...
85%
Lies to the West of Baku Tel Aviv, Ankara, Yerevan
79%
With population between 3 and 5 million Hanoi, Kuwait City, Jeddah...
78%
Is on the banks of Yangtze Chongqing, Wuhan, Shanghai...
77%
Use Suffix of ~Pur or ~Bad Kanpur, Hyderabad, Nagpur...
74%
Lies within 50 miles of International Border Dubai, Almaty, Lahore...
72%
Is in Russia Krasnoyarsk, Novosibirsk, Omsk...
57%
Lies in the same Longitude as Nepal (But not in Nepal) Kolkata, Chennai, Asansol...
48%
Is in China with population between 1 and 2 million Jiaxing, Hechuan , Yingkou...
24%
No matching quizzes found
Score Distribution
Percent of People with Each Score
Percentile by Number Answered
Your Score History
You have not taken this quiz since the last reset